Nhận biết điều trị phòng ngừa 100 bệnh thường gặp

Đã lưu trong:
書目詳細資料
主要作者: HOÀNG Dân KIỆT
格式: 圖書
語言:Undetermined
出版: Phụ nữ 2002
標簽: 添加標簽
沒有標簽, 成為第一個標記此記錄!
Thư viện lưu trữ: Trung tâm Học liệu Trường Đại học Cần Thơ
LEADER 00525nam a2200145Ia 4500
001 CTU_48634
008 210402s9999 xx 000 0 und d
082 |a 615.58 
082 |b K308 
100 |a HOÀNG Dân KIỆT 
245 0 |a Nhận biết điều trị phòng ngừa 100 bệnh thường gặp 
245 0 |c HOÀNG Dân KIỆT, HOÀNG NHÂN KIỆT; Dịch giả: Nguyễn Khắc Khoái 
260 |b Phụ nữ 
260 |c 2002 
980 |a Trung tâm Học liệu Trường Đại học Cần Thơ